Basic Electrical Engineering Circuits Machine Electronics Control / A. E. Fitzgerald, David E. Higginbotham (Registro nro. 22048)
[ vista simple ]
| 000 -LÍDER | |
|---|---|
| fixed length control field | 00499nam a2200157 4500 |
| 008 - ELEMENTOS DE LONGITUD FIJA -- INFORMACIÓN GENERAL | |
| fixed length control field | 0 1957 0a 000 0USA |
| 020 ## - NÚMERO INTERNACIONAL NORMALIZADO PARA LIBROS | |
| ISBN | s/n |
| 082 ## - NUMERO DE CLASIFICACION DECIMAL DEWEY | |
| Número de Clasificación | 621.3 B612b |
| 100 ## - ASIENTO PRINCIPAL--NOMBRE PERSONAL | |
| Nombre personal | Fitzgerald, A. E |
| 245 ## - TÍTULO | |
| Título | Basic Electrical Engineering Circuits Machine Electronics Control / A. E. Fitzgerald, David E. Higginbotham |
| 250 ## - MENCIÓN DE EDICIÓN | |
| Mención de edición | 2 |
| 260 ## - PUBLICACIÓN, DISTRIBUCIÓN, ETC. (PIE DE IMPRENTA) | |
| Lugar de publicación, distribución, etc. | New York : Mcgraw- Hill |
| 300 ## - DESCRIPCIÓN FÍSICA | |
| Extensión | 540 p. / 20 cm. |
| 650 ## - ASIENTO SECUNDARIO DE MATERIA - TERMINO TEMÁTICO | |
| Término temático o nombre geográfico como elemento de entrada | 1. INGENIERIA ELECTRICA |
| 700 ## - ASIENTO SECUNDARIO - NOMBRE PERSONAL | |
| Nombre personal | I. Higginbotham, David E., coaut. |
| No. biblioteca | No. biblioteca | Número de clasificación | Código de barras/Número de adquisición | Número de copia | Tipo de material |
|---|---|---|---|---|---|
| LUIS G. INCLAN | LUIS G. INCLAN | 621.3 B612b | 5519 | 1 | Libros |
